Catálogo público

Agricultura comparada / Hubert Cochet ; traducción Jenny María del Pilar Enríquez Domínguez, Artemio Cruz León y Conrado Márquez Rosano; portada Jaime Peralta Benitez ; fotografia de portada Hubert Cochet (Record no. 216865)

MARC details
000 -CABECERA
campo de control de longitud fija 01252nam a2200301Ia 4500
001 - NÚMERO DE CONTROL
campo de control Z_2387
008 - DATOS DE LONGITUD FIJA--INFORMACIÓN GENERAL
campo de control de longitud fija 220601s9999 xx 000 0 und d
020 ## - NÚMERO INTERNACIONAL ESTÁNDAR DEL LIBRO
Número Internacional Estándar del Libro 978-607-12-0418-9
082 ## - NÚMERO DE LA CLASIFICACIÓN DECIMAL DEWEY
Número de clasificación 630 C63
100 ## - ENTRADA PRINCIPAL--NOMBRE DE PERSONA
Nombre de persona Cochet, Hubert
9 (RLIN) 128323
245 ## - MENCIÓN DE TÍTULO
Título Agricultura comparada / Hubert Cochet ; traducción Jenny María del Pilar Enríquez Domínguez, Artemio Cruz León y Conrado Márquez Rosano; portada Jaime Peralta Benitez ; fotografia de portada Hubert Cochet
260 ## - PUBLICACIÓN, DISTRIBUCIÓN, ETC.
Lugar de publicación, distribución, etc. Chapingo, Edo. México : UACh. Dirección de Centros Regionales Universitarios; Ediciones Quae
300 ## - DESCRIPCIÓN FÍSICA
Extensión 208 p.
500 ## - NOTA GENERAL
Nota general Traducción de la obra en francés: L´agriculture comparée
503 ## - NOTA DE HISTORIA BIBLIOGRÁFICA (BK CF MU) [OBSOLETO]
Nota de historia bibliográfica eje.1: donación 2016
504 ## - NOTA DE BIBLIOGRAFÍA, ETC.
Nota de bibliografía, etc. Bibliografía: p. 193 - 208
650 ## - PUNTO DE ACCESO ADICIONAL DE MATERIA--TÉRMINO DE MATERIA
Término de materia o nombre geográfico como elemento de entrada 1. Agricultura
650 ## - PUNTO DE ACCESO ADICIONAL DE MATERIA--TÉRMINO DE MATERIA
Término de materia o nombre geográfico como elemento de entrada Agricultura comparada
650 ## - PUNTO DE ACCESO ADICIONAL DE MATERIA--TÉRMINO DE MATERIA
Término de materia o nombre geográfico como elemento de entrada Gestión agrícola
650 ## - PUNTO DE ACCESO ADICIONAL DE MATERIA--TÉRMINO DE MATERIA
Término de materia o nombre geográfico como elemento de entrada Economía agrícola
9 (RLIN) 147023
650 ## - PUNTO DE ACCESO ADICIONAL DE MATERIA--TÉRMINO DE MATERIA
Término de materia o nombre geográfico como elemento de entrada Estructura agrícola
700 ## - PUNTO DE ACCESO ADICIONAL--NOMBRE DE PERSONA
Nombre de persona Enríquez Domínguez, Jenny María del Pilar, tr. \ Márquez Rosano, Conrado, tr. \ Peralta Benitez, Jaime, portada \ Cochet, Hubert, fot.Ì
9 (RLIN) 179409
901 ## - ELEMENTOS DE DATOS A LOCAL LDA (RLIN)
a 630 C63
902 ## - ELEMENTOS DE DATOS B LOCAL, LDB (RLIN)
a M
905 ## - ELEMENTOS DE DATOS E LOCAL, LDE (RLIN)
a 5232272016 mx ad 8222223322spa16
942 ## - ELEMENTOS DE PUNTO DE ACCESO ADICIONAL (KOHA)
Tipo de ítem Koha Libro_

No items available.